Sports Quiz

Random Sports or Soccer Quiz
Score 0/12 Timer 03:00
2 Plays Today
% Correct
David de Gea
92.4%
Sergio Ramos
92.4%
Sergio Busquets
91.5%
Álvaro Morata
91.1%
Isco
91.1%
Dani Carvajal
89.2%
Jordi Alba
88.6%
Santi Cazorla
88.3%
Kepa Arrizabalaga
88.1%
Thiago Alcântara
85.5%
Saúl Ñíguez
83.1%
Paco Alcácer
81.7%
Remove Ads.
Support Sporcle.
Get the best of Sporcle when you Go Orange. This ad-free experience offers more features, more stats, and more fun while also helping to support Sporcle. Thank you for becoming a member.

You're not logged in!

Compare scores with friends on all Sporcle quizzes.
OR
Log In

Sporcle TV

Today on Sporcle TV


Watch our educational content, quiz creation guides, and fun videos on Sporcle TV.

Show Comments

Extras

Top Quizzes Today


Score Distribution

Paid Content

Your Account Isn't Verified!

In order to create a playlist on Sporcle, you need to verify the email address you used during registration. Go to your Sporcle Settings to finish the process.

Report this User

Report this user for behavior that violates our Community Guidelines.

Details: